000 01582nam a2200409 i 4500
001 51054
003 KOSZ 005
005 20221214100113.0
008 040607s2001 pl a f f |000 0 pol
015 _aPB 2004/12266
020 _a8388283812
040 _aWA N
_cWA N
_dKOSZ 005/HR
046 _k2001
080 _a657
080 _a(075.8)
100 1 _aPłóciennik-Napierałowa, Janina
_eAutor
245 1 0 _aRachunkowość :
_bskrypt dla studentów kierunków ekonomicznych /
_cJanina Płóciennik-Napierała, Ewa Radawiecka, Danuta E. Giętkowska ; Politechnika Koszalińska.
260 _aKoszalin :
_bWydawnictwo Uczelniane PK,
_c2001.
300 _a448 s. :
_brys., tab. ;
_c23 cm.
336 _2rdacontent
_aTekst
_btxt
337 _2rdamedia
_aBez urządzenia pośredniczącego
_bn
338 _2rdacarrier
_aWolumin
_bnc
380 _aKsiążki
380 _aPublikacje dydaktyczne
385 _mPoziom nauczania
_aSzkoły wyższe
388 _a2001-
504 _aBibliogr. s. 437-438.
650 4 _aRachunkowość
655 4 _aPodręczniki akademickie
658 _aGospodarka, ekonomia, finanse
700 1 _aGiętkowska, Danuta E.
_eAutor
700 1 _aRadawiecka, Ewa
_eAutor
710 2 _aWydawnictwo Uczelniane (Politechnika Koszalińska)
_4pbl.
856 _uhttp://dlibra.tu.koszalin.pl/dlibra/docmetadata?id=108&from=&dirids=1&ver_id=&lp=1&QI=
_yBiblioteka Cyfrowa
856 _uhttp://koha.tu.koszalin.pl/cgi-bin/koha/opac-detail.pl?biblionumber=51054
_yKatalog online BPK
942 _2UKD
_cKS
999 _c51054
_d51054